000 00363 a2200109 4500
001 ART_29735
005 20260410161645.0
008 260409a
245 1 0 _aInterpretación de la atribución de los ingresosen el convenio multilateral
100 1 _aJanuszewski, Karina
773 0 _tConsultor tributario
_g- Año 9, Nº 99 (mayo 2015)
_wREV474
999 _c13733
_d13733